MARC

LEADER 00000nam0a2200000 4500
001 333135
005 20231102004526.0
035 |a (RuTPU)RU\TPU\book\359130 
035 |a RU\TPU\book\359105 
090 |a 333135 
100 |a 20170607d1979 k y0rusy50 ca 
101 0 |a rus 
102 |a EE 
105 |a a z 001zy 
200 1 |a Теоретические и экспериментальные методы анализа оптимальных систем строительной механики  |e [сборник]  |f Таллинский политехнический институт (ТПИ) 
210 |a Таллин  |c Изд-во ТалПИ  |d 1979 
215 |a 76 с.  |c ил. 
225 1 |a Труды Таллинского политехнического института  |v Вып. 468 
225 1 |a Строительная механика  |v [Вып.] 10 
320 |a Библиография в конце статей 
606 1 |a Строительная механика  |2 stltpush  |3 (RuTPU)RU\TPU\subj\57240  |9 75102 
610 1 |a рамные конструкции 
610 1 |a свойства 
610 1 |a анализ 
610 1 |a метод перемещений 
610 1 |a метод сил 
610 1 |a плоские рамы 
610 1 |a оптимизация 
610 1 |a задачи 
610 1 |a решение 
610 1 |a приложения 
610 1 |a метод конечных элементов 
610 1 |a многоконтурные рамы 
610 1 |a оптимальное проектирование 
610 1 |a статический расчет 
610 1 |a слоистые пластины 
610 1 |a оболочки 
610 1 |a волны 
610 1 |a продольные трещины-шарниры 
610 1 |a уравновешивающие поперечные моменты 
610 1 |a теория упругости 
610 1 |a двухмерные задачи 
610 1 |a модели 
675 |a 624.04  |v 4 
712 0 2 |a Таллинский политехнический институт (ТПИ)  |c (1941-1989)  |2 stltpush  |3 (RuTPU)RU\TPU\col\12417 
801 1 |a RU  |b 63413507  |c 20150415 
801 2 |a RU  |b 63413507  |c 20170615  |g RCR 
942 |c BK